01171nam a2200337Ia 450000500170000000700030001700800410002002000180006104000350007904100080011408200170012208400120013924501190015125000210027026400260029130000540031733600270037133700330039833800280043149000220045950000290048152100610051053400290057165000430060065000420064365000400068570000360072570000420076194200150080399900150081820220317000300.0ta210830s2007 sp a0 sb s s1 spa d a9788421698433 aCO-BoRNBPbspaerdacCO-BoRNBP0 aspa04a516bD27223 aA DES1210aDescubro las formas b6 divertidas solapas con sorpresascedición Isabel Carril ; traducción Virtudes Tardón aQuinta edición 1aMadridbBruñoc2007 a[12] páginas sin enumerarbilustracionesc13 cm atextobtxt2rdacontent asin mediaciónbn2rdamedia avolumenbnc2rdacarrier aPara pequeñitos aContiene hojas plegables aRecomendado para un público infantil mayor de 3 años tFlip flaps i love shapes14aÁlbumes infantiles ySiglo XXI2LEMB14aLiteratura infantil ySiglo XXI2LEMB14aFormas geométricasxÁlbum2LEMB1 aCarril, Isabeleeditora91863891 aTardón, Virtudesetraductor9186390 2loccBKLIT c3613d3613